000 01324nam0a22002891 4500
001 rc\3547339
005 20250610034907.0
021 _aRU
_b[72-28211ж]
035 _a(NLR Aleph) 007673494
090 _a6460193
_c6460193
100 _a20130115d1971 |||y0rusy50 ca
101 0 _arus
102 _aRU
105 _ay z |||||
200 1 _aВоспитание и развитие школьников в процессе обучения и внеклассной работы
_e[Сборник статей]
_fПод ред. проф. А.Н. Алексеева
210 _aМосква
_cБ. и.
_d1971
215 _a338 с.
_d22
225 1 _aМинистерство просвещения РСФСР. Московский областной педагогический институт имени Н.К. Крупской. Ученые записки
_vТ. 296
_iПедагогика
_vВып. 21
320 _aСписок лит.: с. 331-336
606 _aВнеклассная и внешкольная работа
_jСборники
_2psbo
606 _aУчебно-воспитательная работа в школе
_jСборники
_2psbo
702 1 _aАлексеев
_bА.Н.
_4340
801 0 _aRU
_bNLR
_gpsbo
801 1 _aRU
_bELAR
_2rusmarc
852 _aNLR
_jП1/52
942 _cBOOK
980 _aNB